<?xml version="1.0" encoding="UTF-8"?>
<record
    xmlns:xsi="http://www.w3.org/2001/XMLSchema-instance"
    xsi:schemaLocation="http://www.loc.gov/MARC21/slim http://www.loc.gov/standards/marcxml/schema/MARC21slim.xsd"
    xmlns="http://www.loc.gov/MARC21/slim">

  <leader>02482nam a2200289uu 4500</leader>
  <controlfield tag="001">1580274</controlfield>
  <controlfield tag="005">20260508094848.0</controlfield>
  <controlfield tag="008">230203s2021                        spa  </controlfield>
  <datafield tag="020" ind1=" " ind2=" ">
    <subfield code="a">9789585154094</subfield>
  </datafield>
  <datafield tag="035" ind1=" " ind2=" ">
    <subfield code="a">1580274</subfield>
  </datafield>
  <datafield tag="040" ind1=" " ind2=" ">
    <subfield code="c">comduadb</subfield>
  </datafield>
  <datafield tag="041" ind1=" " ind2=" ">
    <subfield code="a">spa</subfield>
  </datafield>
  <datafield tag="082" ind1=" " ind2="4">
    <subfield code="a">987</subfield>
  </datafield>
  <datafield tag="100" ind1="1" ind2="0">
    <subfield code="a">Iba&#xF1;ez S&#xE1;nchez, Jos&#xE9; Roberto</subfield>
    <subfield code="4">aut</subfield>
    <subfield code="e">aut</subfield>
    <subfield code="9">365381</subfield>
  </datafield>
  <datafield tag="245" ind1="1" ind2="0">
    <subfield code="a">Presencia neogranadina en Carabobo. Volumen 1 : Narraci&#xF3;n hist&#xF3;rico-militar</subfield>
  </datafield>
  <datafield tag="260" ind1=" " ind2=" ">
    <subfield code="a">Bogot&#xE1; :</subfield>
    <subfield code="b">Academia Colombiana de Historia,</subfield>
    <subfield code="c">2021.</subfield>
  </datafield>
  <datafield tag="300" ind1=" " ind2=" ">
    <subfield code="a">Volumen 1 (xvii, 467 p&#xE1;ginas) :</subfield>
    <subfield code="b">ilustraciones, mapas.</subfield>
  </datafield>
  <datafield tag="490" ind1="0" ind2=" ">
    <subfield code="a">Colecci&#xF3;n Bicentenario de la Independencia ;</subfield>
    <subfield code="v">15</subfield>
  </datafield>
  <datafield tag="505" ind1=" " ind2=" ">
    <subfield code="a">CONTENIDO : Pr&#xF3;logo: Preparaci&#xF3;n de la campa&#xF1;a libertadora de Venezuela de 1821. -- I: Consecuencias de Boyac&#xE1;. -- II: La Nueva Granada base fundamental de operaciones para la Campa&#xF1;a de Venezuela. -- III: Situaci&#xF3;n militar a finales de 1819 y comienzos de 1820. -- IV: La revoluci&#xF3;n de Riego y Quiroga y el Armisticio. -- V: La revoluci&#xF3;n de Maracaibo y el rompimiento del Armisticio. -- VI: Preparaci&#xF3;n militar. -- VII: S&#xED;ntesis hist&#xF3;rica de los cuerpos. -- Planeamiento y desarrollo de la campa&#xF1;a libertadora de Venezuela de 1821. -- VIII: Plan de campa&#xF1;a. -- IX: Iniciaci&#xF3;n de las operaciones. -- X: Operaci&#xF3;n de diversi&#xF3;n sobre Caracas. -- XI: Marcha de Urdaneta y libertad de Coro. -- XII: Operaci&#xF3;n de diversi&#xF3;n sobre Valencia y Puerto Cabello. -- XIII: Marcha del Ejercito de Apure y actividades previas a la batalla. -- XIV: Descripci&#xF3;n del campo de Carabobo y organizaci&#xF3;n de los ej&#xE9;rcitos. -- BATALLA. -- XV: La batalla. -- XVI: Ocupaci&#xF3;n de Caracas, acciones posteriores y consecuencias del triunfo. -- XVII: S&#xED;ntesis biogr&#xE1;ficas de algunos de los pr&#xF3;ceres que hasta la fecha se tiene conocimiento murieron o fueron heridos en la batalla de Carabobo. -- XVIII: S&#xED;ntesis biogr&#xE1;ficas de los mariscales de campo don Miguel de la Torre y pando y don Francisco Tomas Morales. -- XIX: S&#xED;ntesis biogr&#xE1;ficas de algunos de los pr&#xF3;ceres granadinos que combatieron en la campa&#xF1;a libertadora de Venezuela de 1821.</subfield>
  </datafield>
  <datafield tag="650" ind1=" " ind2=" ">
    <subfield code="a">Batalla de Carabobo, 1821</subfield>
    <subfield code="9">43135</subfield>
  </datafield>
  <datafield tag="650" ind1=" " ind2=" ">
    <subfield code="a">Guerras de independencia</subfield>
    <subfield code="9">41396</subfield>
  </datafield>
  <datafield tag="650" ind1=" " ind2=" ">
    <subfield code="a">Venezuela - Historia - Siglo XIX</subfield>
    <subfield code="9">98357</subfield>
  </datafield>
  <datafield tag="650" ind1=" " ind2=" ">
    <subfield code="a">Venezuela - Historia - Guerra de independencia, 1810-1821</subfield>
    <subfield code="9">41107</subfield>
  </datafield>
  <datafield tag="651" ind1=" " ind2="7">
    <subfield code="a">Venezuela</subfield>
    <subfield code="x">Pol&#xED;tica y gobierno</subfield>
    <subfield code="2">lemb</subfield>
    <subfield code="9">859980</subfield>
  </datafield>
  <datafield tag="700" ind1="1" ind2="0">
    <subfield code="a">Lleras P&#xE9;rez, Roberto</subfield>
    <subfield code="4">aui</subfield>
    <subfield code="e">aui</subfield>
    <subfield code="9">266587</subfield>
  </datafield>
  <datafield tag="942" ind1=" " ind2=" ">
    <subfield code="c">BOOK</subfield>
  </datafield>
  <datafield tag="999" ind1=" " ind2=" ">
    <subfield code="c">848406</subfield>
    <subfield code="d">848406</subfield>
  </datafield>
  <datafield tag="952" ind1=" " ind2=" ">
    <subfield code="0">0</subfield>
    <subfield code="1">0</subfield>
    <subfield code="4">0</subfield>
    <subfield code="7">0</subfield>
    <subfield code="8">GEN</subfield>
    <subfield code="a">BC</subfield>
    <subfield code="b">BC</subfield>
    <subfield code="d">2023-02-03</subfield>
    <subfield code="e">Material adquirido por donaci&#xF3;n</subfield>
    <subfield code="g">62000.00</subfield>
    <subfield code="i">C13330346</subfield>
    <subfield code="l">0</subfield>
    <subfield code="o">987.04 I12 v1</subfield>
    <subfield code="p">01096348</subfield>
    <subfield code="r">2025-03-06 07:47:17</subfield>
    <subfield code="t">1</subfield>
    <subfield code="w">2023-05-05</subfield>
    <subfield code="y">BOOK</subfield>
  </datafield>
</record>
